Southville International School and Colleges

合浦珠 (Record no. 256989)

000 -LEADER
fixed length control field 00679cam a22002413a 4500
001 - CONTROL NUMBER
control field 27734
003 - CONTROL NUMBER IDENTIFIER
control field PGUSA
005 - DATE AND TIME OF LATEST TRANSACTION
control field 20140828083611.0
008 - FIXED-LENGTH DATA ELEMENTS--GENERAL INFORMATION
fixed length control field 090107s2009||||xxu|||||s|||||000 1 eng d
040 ## - CATALOGING SOURCE
Original cataloging agency PGUSA
Language of cataloging eng
042 ## - AUTHENTICATION CODE
Authentication code dc
050 #4 - LIBRARY OF CONGRESS CALL NUMBER
Classification number PL
100 1# - MAIN ENTRY--PERSONAL NAME
Personal name Yuanhuyanshuisanren,
Dates associated with a name 17th/18th cent.
245 10 - TITLE STATEMENT
Title 合浦珠
Medium [electronic resource] /
Statement of responsibility, etc Yuanhuyanshuisanren
260 ## - PUBLICATION, DISTRIBUTION, ETC. (IMPRINT)
Name of publisher, distributor, etc Project Gutenberg,
Date of publication, distribution, etc 2009
506 ## - RESTRICTIONS ON ACCESS NOTE
Terms governing access Public domain in the USA.
516 ## - TYPE OF COMPUTER FILE OR DATA NOTE
Type of computer file or data note Electronic text
653 ## - INDEX TERM--UNCONTROLLED
Uncontrolled term Chinese fiction -- Qing dynasty, 1644-1912
740 0# - ADDED ENTRY--UNCONTROLLED RELATED/ANALYTICAL TITLE
Uncontrolled related/analytical title Hepu Zhu
830 #0 - SERIES ADDED ENTRY--UNIFORM TITLE
Uniform title Project Gutenberg
Volume number/sequential designation 27734
856 40 - ELECTRONIC LOCATION AND ACCESS
Uniform Resource Identifier http://www.gutenberg.org/ebooks/27734
942 ## - ADDED ENTRY ELEMENTS (KOHA)
Koha item type eBooks
Holdings
Koha item type Damaged status Lost status Date acquired Permanent Location Current Location Date last seen Price effective from Withdrawn status
eBooks  2014-08-28Project GutenbergProject Gutenberg2014-08-282014-08-28 
Powered by Koha